Brevísima reseña de las conferencias académicas celebradas en el Instituto del Cardenal Cisneros durante el curso de 1878 a 1879 : (Record no. 183821)

MARC details
000 -LEADER
campo de control de longitud fija 00676nam a2200157 i 4500
001 - NÚMERO DE CONTROL
campo de control 183821
003 - IDENTIFICADOR DE NÚMERO DE CONTROL
campo de control ES-MaACL
005 - FECHA Y HORA DE LA ÚLTIMA TRANSACCIÓN
campo de control 20230906221957.0
007 - CAMPO FIJO DE DESCRIPCIÓN FÍSICA--INFORMACIÓN GENERAL
campo de control de longitud fija t|
008 - DATOS DE LONGITUD FIJA--INFORMACIÓN GENERAL
campo de control de longitud fija 160628s1879 sp ||||1| spa d
245 00 - MENCIÓN DEL TÍTULO
Título Brevísima reseña de las conferencias académicas celebradas en el Instituto del Cardenal Cisneros durante el curso de 1878 a 1879 :
Resto del título obsequio del director del Instituto a los alumnos que han asistido a estas conferencias.
260 ## - PUBLICACIÓN, DISTRIBUCIÓN, ETC.
Lugar de publicación, distribución, etc. Madrid :
Nombre del editor, distribuidor, etc. [s.n.],
Fecha de publicación, distribución, etc. 1879 (
Fabricante Imp. de Aribau y Cª)
300 ## - DESCRIPCIÓN FÍSICA
Extensión 101 p. ;
Dimensiones 15 cm.
710 2# - ENTRADA AGREGADA--NOMBRE DE ENTIDAD CORPORATIVA
Nombre de entidad corporativa o nombre de jurisdicción como elemento de entrada Instituto de Enseñanza Media Cardenal Cisneros (Madrid)
9 (RLIN) 4869
852 ## - LOCALIZACIÓN
Ubicación ES-MaACL
Número de control de estantería T-408-F-8
Nota libre .- Donat. A. F. Vallin
Holdings
Estatus retirado Estado de pérdida Estado de daño No para préstamo Colección Biblioteca de origen Biblioteca actual Ubicación en estantería Fecha de adquisición Fuente de adquisición Total de préstamos Signatura topográfica completa Código de barras Visto por última vez Precio de reemplazo Tipo de ítem Koha
        Colección de folletos Biblioteca del Ateneo de Madrid Biblioteca del Ateneo de Madrid Depósito folletos 28/06/2016     T-408-F-8 1195519 23/02/2023 23/02/2023 Folleto